| 000 | 00000cam 2200000zi 4500 |
| 001 | 9.958279 |
| 003 | CaOODSP |
| 005 | 20260206114730 |
| 006 | m o d f |
| 007 | cr mn||||||||| |
| 008 | 251215e20251203onc o f000 0 eng d |
| 020 | |a9780660977096 |
| 040 | |aCaOODSP|beng|erda|cCaOODSP |
| 041 | 0 |aeng|bfre |
| 043 | |an-cn--- |
| 086 | 1 |aCi4-245/2026E-PDF |
| 086 | 1 |aCi4-245/2026-1E-PDF |
| 245 | 00|a2025-26 IRCC online tracking survey : |bfinal report / |cprepared for Immigration, Refugees and Citizenship Canada. |
| 264 | 1|a[Ottawa] : |bImmigration, Refugees and Citizenship Canada = Immigration, réfugiés et citoyenneté Canada, |c2025-12-03. |
| 264 | 4|c©2025 |
| 300 | |a1 online resource (10 pages) + |eappendix (40 unnumbered pages) |
| 336 | |atext|btxt|2rdacontent |
| 337 | |acomputer|bc|2rdamedia |
| 338 | |aonline resource|bcr|2rdacarrier |
| 500 | |aCover title. |
| 500 | |aIssued also in French under title: 2025-26 sondage de suivi en ligne d'IRCC : rapport final. |
| 500 | |a"Supplier: Leger Marketing Inc." |
| 500 | |a"Contract number: CW2410460." |
| 500 | |a"Registration number: POR 008-25." |
| 500 | |a"Delivery date: 2025-12-03." |
| 520 | |a"The 2025-26 IRCC Online Tracking Survey project is comprised of three online panel survey waves with the Canadian general public. It will provide IRCC with comparable tracking data about public attitudes toward immigration, which is of key importance to IRCC's policies, programs and services"--Background and objectives, page 4. |
| 546 | |aText chiefly in English; includes some text in French. |
| 650 | 0|aImmigrants|zCanada|xPublic opinion. |
| 650 | 0|aRefugees|zCanada|xPublic opinion. |
| 650 | 0|aImmigrants|xGovernment policy|zCanada|xPublic opinion. |
| 650 | 0|aRefugees|xGovernment policy|zCanada|xPublic opinion. |
| 650 | 0|aPublic opinion|zCanada. |
| 651 | 0|aCanada|xEmigration and immigration|xPublic opinion. |
| 651 | 0|aCanada|xEmigration and immigration|xGovernment policy|xPublic opinion. |
| 710 | 1 |aCanada. |bImmigration, Refugees and Citizenship Canada, |eissuing body. |
| 710 | 2 |aLéger Marketing, |econsultant. |
| 775 | 08|t2025-26 sondages de suivi en ligne d'IRCC : |w(CaOODSP)9.958280 |
| 795 | |t2024-25 IRCC online tracking survey : |w(CaOODSP)9.947201 |
| 856 | 40|qPDF|s349 KB|uhttps://publications.gc.ca/collections/collection_2026/ircc/Ci4-245-2026-eng.pdf|z(final report) |
| 856 | 40|qPDF|s974 KB|uhttps://publications.gc.ca/collections/collection_2026/ircc/Ci4-245-2026-1-eng.pdf|z(appendix 4) |
| 856 | 4 |qHTML|sN/A|uhttps://epe.bac-lac.gc.ca/100/200/301/pwgsc-tpsgc/por-ef/immigration_refugees/2025/008-25-e/index.html|z(complete dataset) |